书目信息 |
| 题名: |
孟子心性之学
|
|
| 作者: | 江文思 , 安乐哲 编 ;梁溪 译 | |
| 分册: | ||
| 出版信息: | 北京 社会科学文献出版社 2005 |
|
| 页数: | 331页 | |
| 开本: | 22cm | |
| 丛书名: | 喜玛拉雅学术文库 | |
| 单 册: | ||
| 中图分类: | B222.55 , B222.5 | |
| 科图分类: | ||
| 主题词: | 哲学思想 , 先秦哲学 | |
| 电子资源: | ||
| ISBN: | 7-80190-461-3 | |
| 000 | 01244oam2 2200337 450 | |
| 001 | 1132768035 | |
| 005 | 20110929090800.31 | |
| 010 | @a7-80190-461-3@dCNY25.00 | |
| 100 | @a20050221d2005 emky0chiy50 ea | |
| 101 | 1 | @achi@ceng |
| 102 | @aCN@b110000 | |
| 105 | @ay z 000yy | |
| 106 | @ar | |
| 200 | 1 | @a孟子心性之学@f(美)江文思(James Behuniak Jr.),(美)安乐哲(Roger T.Ames)编@g梁溪译@Ameng zi xin xing zhi xue |
| 210 | @a北京@c社会科学文献出版社@d2005 | |
| 215 | @a331页@d22cm | |
| 225 | 2 | @a喜玛拉雅学术文库@i阅读中国系列 |
| 330 | @a本书讲述了一群试图解释中国哲学及其艺术词语问题的比较哲学家之长达20年之久的事情。包括“孟子人性理论的背景”、“孟子的人性论”等。 | |
| 462 | 0 | @1001012002044080 |
| 510 | 1 | @aMencius' Learning of Mental-Nature@zeng |
| 600 | 0 | @a孟轲@f(约前372-前289)@x哲学思想@x研究 |
| 600 | 0 | @a孟轲@f(约前372-前289) |
| 606 | 0 | @a哲学思想 |
| 606 | 0 | @a先秦哲学 |
| 690 | @aB222.55@v4 | |
| 690 | @aB222.5@v4 | |
| 701 | 0 | @c(美)@a江文思@c(Behuniak, James Jr.)@4编@Ajiang wen si |
| 701 | 0 | @c(美)@a安乐哲@c(Ames, Roger T.@f1947~)@4编@Aan le zhe |
| 702 | 0 | @a梁溪@c(哲学)@4译@Aliang xi |
| 801 | 0 | @aCN@b大连网信软件有限公司图书馆·11@c20110929 |
| 905 | @a10447@dB222.5@eJY96 | |
| 孟子心性之学/(美)江文思(James Behuniak Jr.),(美)安乐哲(Roger T.Ames)编/梁溪译.-北京:社会科学文献出版社,2005 |
| 331页;22cm .-(喜玛拉雅学术文库.阅读中国系列 ) |
| ISBN 7-80190-461-3:CNY25.00 |
| 本书讲述了一群试图解释中国哲学及其艺术词语问题的比较哲学家之长达20年之久的事情。包括“孟子人性理论的背景”、“孟子的人性论”等。 |
| ● |
| 相关链接 |
|
|
|
|
正题名:孟子心性之学
索取号:B222.5/JY96
 
预约/预借
| 序号 | 登录号 | 条形码 | 馆藏地/架位号 | 状态 | 备注 |
| 1 | 7824553 | 278245533 | 学院路分馆/ [索取号:B222.5/JY96] | 在馆 | |
| 2 | 7824554 | 278245542 | 学院路分馆/ [索取号:B222.5/JY96] | 在馆 |